[Event "HokkaidoCh2018"]
[Site "?"]
[Date "2018.03.24"]
[Round "2.6"]
[White "ITO, Katsuhide"]
[Black "HAKAMADA, Eiji"]
[Result "0-1"]
[WhiteElo "1282"]
[BlackElo "1510"]
[Annotator "Fritz 15 (30s)"]
[PlyCount "96"]
[SourceDate "2018.03.25"]

{B15: Caro-Kann: 3 Nc3: 3...g6 and 3...dxe4 4 Nxe4 Nf6 5 Nxf6+ exf6} 1. e4 c6
2. d4 d5 3. Nc3 dxe4 4. Nxe4 Nf6 5. Ng3 e6 6. Be2 $146 (6. Nf3 c5 (6... Be7 7.
Bd3 O-O 8. O-O c5 9. dxc5 Bxc5 10. Qe2 Nbd7 11. Ng5 h6 12. N5e4 Nxe4 13. Nxe4
Be7 14. c3 Qc7 15. Re1 Nc5 16. Nxc5 Bxc5 17. Qf3 Bd7 18. Bf4 Bd6 19. Bxd6 Qxd6
20. Rad1 Bc6 21. Bh7+ {Mieles Palau,D (2468)-Bastidas Rodriguez,E (2441)
Guayaquil 2003 1/2-1/2}) 7. c3 (7. Bd3 Nc6 8. dxc5 Bxc5 9. O-O O-O 10. Bg5 Be7
11. a3 (11. Qd2 Qc7 12. Rfe1 Rd8 13. a3 b6 14. Bf4 Bd6 15. Bxd6 Qxd6 16. Rad1
Qf8 17. Qf4 Bb7 18. h4 Rac8 19. h5 Ne7 20. Ne5 h6 21. c4 Nc6 22. Nf3 Ne7 23. b4
Qe8 24. b5 Rc5 25. Ne5 Rdc8 {Harandi,K (2425)-Abdullah,M (2250) Novi Sad 1990
1/2-1/2 (43)}) 11... h6 12. Bd2 Re8 13. Re1 Bf8 14. b4 b6 15. Qe2 Bb7 16. Rad1
Qc7 17. Bc1 a5 18. b5 Ne7 19. c4 Nf5 20. Bb2 Nxg3 21. hxg3 Bc5 {Bojkovic,S 
(2263)-Radlovacki,J (2423) Kragujevac 2013 0-1 (42)}) 7... Nc6 8. Be3 (8. Bb5
Bd7 9. O-O cxd4 10. cxd4 Be7 11. Re1 O-O 12. a3 Qb6 13. Bd3 Rfd8 14. Ne2 Be8
15. Qc2 Rac8 16. Qb1 g6 17. Be3 Nd5 18. Nc3 Nxe3 19. fxe3 e5 20. dxe5 Na5 21.
Qc2 Bc5 22. Qe2 Bxe3+ {Martin,A (2445)-Berg,K (2375) London 1984 1-0 (34)})
8... Nd5 9. Bc1 Be7 10. Be2 O-O 11. O-O b6 12. dxc5 Bxc5 13. Qa4 Bb7 14. Qg4 f5
15. Qh3 Qf6 16. Nh5 Qe7 17. Bg5 Qf7 18. Bc4 h6 19. Rfe1 Rae8 20. Rad1 Kh8 {
Rovid,K (2375)-Moehring,G (2395) Budapest 1984 0-1 (40)}) 6... Be7 7. Nf3 O-O {
Black has a cramped position} 8. O-O {White castles and improves king safety}
Nbd7 9. c3 {Black's piece can't move: c8} Nb6 (9... b6 10. Bf4 $11) 10. Bf4
Nbd5 11. Be5 Ng4 12. Qc2 Nxe5 13. dxe5 {Black has the pair of bishops.} Nf4 14.
Rfd1 Nxe2+ 15. Nxe2 (15. Qxe2 Qc7 $14) 15... Qb6 (15... Qc7 16. Ng3 $11) 16.
Ng3 $14 f6 {Controls g5} 17. Rd2 (17. exf6 gxf6 18. Nh4 Rf7 $14) 17... fxe5 (
17... f5 18. Rad1 $11) 18. Nxe5 {Black's piece can't move: c8} Bf6 (18... Bg5
19. Re2 $14) 19. Nd7 (19. Nc4 $5 Qc7 20. Nd6 $16) 19... Bxd7 $14 20. Rxd7 Rad8
{Black threatens to win material: Rd8xd7} 21. Rad1 Rxd7 22. Rxd7 c5 (22... Rd8
23. Qd2 $14) 23. Qd2 (23. Ne4 $5 $16) 23... Be5 $14 24. Ne4 (24. Qe2 Qc6 25.
Rd1 $14) 24... Bf4 $4 {letting the wind out of his own sails} (24... Qc6 $142
25. f3 Bd4+ 26. Rxd4 cxd4 27. Qxd4 Qd5 28. Qxa7 Qd1+ 29. Kf2 Qc2+ 30. Kg3 Qxb2
$17) 25. Qd3 (25. Qe2 Qc6 26. Re7 Rf5 $16) 25... Qxb2 26. g3 {White threatens
to win material: g3xf4} Be5 27. Qc4 {White threatens to win material: Qc4xe6.
White forks: e6+c5} Kh8 (27... Re8 $142 $16) 28. Qxe6 $4 {stumbles just before
the finish line.} (28. Kg2 $142 Qc2 29. Rd2 $16) 28... Qb1+ $19 29. Kg2 Qxe4+
30. Kh3 h6 (30... Qe2 $142 {keeps an even firmer grip} 31. Qf7 Qf1+ 32. Kg4
Qxf2 33. Qxf2 h5+ 34. Kxh5 Rxf2 35. h3 $19) 31. Rf7 (31. Rd5 Rxf2 32. Rxe5 Qg2+
33. Kg4 Qf3+ 34. Kh3 $19) 31... Rxf7 32. Qxf7 Bf6 33. Qf8+ Kh7 34. Qxc5 a6 (
34... g5 35. f4 gxf4 36. Qh5 Qe6+ 37. Kg2 fxg3 38. hxg3 Qxa2+ 39. Kg1 Qb1+ 40.
Kf2 Bxc3 41. Qf7+ Bg7 42. g4 Qb2+ 43. Kg3 Qe5+ 44. Kh3 Qe3+ 45. Kh2 Qe4 46. Kg1
Qxg4+ 47. Kf1 Qe4 48. Kg1 Qg6+ 49. Qxg6+ Kxg6 50. Kf2 a5 51. Kf3 a4 52. Kg4 a3
53. Kf3 Kf5 54. Ke2 a2 55. Kd1 a1=Q+ 56. Kc2 Ke4 57. Kb3 Kd3 58. Kb4 Bf8+ 59.
Kb5 Qa6#) 35. c4 (35. Qb4 {cannot undo what has already been done} Qf3 36. Qb1+
Kh8 $19) 35... Qe6+ 36. Kg2 Qc6+ 37. Qd5 (37. Qxc6 {there is nothing better in
the position} bxc6 38. Kf3 $19) 37... Qxd5+ 38. cxd5 Be5 39. Kf3 Kg6 40. Ke4
Bd6 41. f4 (41. Kd3 {cannot change what is in store for White} Kf5 $19) 41...
b5 42. Kd4 (42. g4 $19 {hoping against hope}) 42... Kf5 43. Ke3 b4 44. Kd4 a5
45. Kc4 a4 46. h3 h5 47. h4 Ke4 48. Kb5 (48. a3 {does not help much} b3 49. Kc3
Bxa3 50. d6 Bxd6 51. f5 Be5+ 52. Kc4 b2 53. Kc5 b1=Q 54. Kc6 Qc2+ 55. Kb5 Kd5
56. Ka6 Kc6 57. Ka5 Qc4 58. g4 Bc3#) 48... b3 (48... b3 49. axb3 axb3 50. Kc6
b2 51. Kxd6 b1=Q 52. Ke6 Qb5 53. Kf7 Qd7+ 54. Kg6 Qe8+ 55. Kh7 Kf5 56. g4+ hxg4
57. h5 Kf6 58. h6 Qg6+ 59. Kg8 gxh6+ 60. Kf8 Qf7#) 0-1

[Event "HokkaidoCh2018"]
[Site "?"]
[Date "2018.03.24"]
[Round "2.7"]
[White "KOBAYASHI, Katsuhiko"]
[Black "IKEDA, Naoto"]
[Result "1-0"]
[WhiteElo "1494"]
[BlackElo "1317"]
[Annotator "Fritz 15 (30s)"]
[PlyCount "91"]
[SourceDate "2018.03.25"]

{B18: Classical Caro-Kann: 4...Bf5 sidelines} 1. e4 c6 2. d4 d5 3. Nc3 dxe4 4.
Nxe4 Bf5 5. Ng3 Bg6 6. Nf3 Nd7 7. Bc4 e6 8. O-O Ngf6 9. Bg5 (9. Bb3 Bd6 10. Qe2
Qc7 11. Re1 O-O 12. Ne5 c5 13. Nxg6 hxg6 14. Be3 Rad8 15. Rad1 Nb6 16. dxc5
Bxc5 17. Bxc5 Qxc5 18. Ne4 Qe5 19. Nxf6+ Qxf6 20. c3 Rxd1 21. Rxd1 Rd8 22. g3
Rxd1+ 23. Qxd1 Qe7 {Torre,E (2550)-Vukic,M (2495) Biel 1977 1/2-1/2 (40)}) 9...
Be7 10. Ne5 $146 (10. Qe2 O-O 11. Rad1 Qc7 12. Rfe1 Rfe8 13. Bb3 c5 14. c3 Rac8
{1/2-1/2 (14) Lengyel,B (2268)-Eperjesi,L (2294) Budapest 2009}) (10. Nh4 $142
$5 $11 {and White has air to breath}) 10... Nxe5 $17 11. dxe5 Nd5 (11... Qxd1
$5 12. Raxd1 Nd7 13. Bxe7 Kxe7 $17) 12. Bxe7 $11 Qxe7 13. Re1 O-O-O 14. Qf3 (
14. Bb3 Kb8 $11) 14... Bxc2 $15 15. Ne4 Bxe4 16. Qxe4 Qg5 17. Bxd5 Rxd5 18.
Rad1 Rhd8 19. Rxd5 Rxd5 20. Qxh7 Qxe5 {Black has a mate threat} 21. Qg8+ {
White forks: f7} Kc7 {Black has a mate threat} 22. Qxf7+ {White forks: e6} Kb6
{Black has a mate threat} 23. Rf1 Qxb2 24. Qxe6 Qxa2 {Black has a new
protected passed pawn: c6} (24... a5 25. Qe3+ Ka6 26. a3 $17) 25. Qe3+ c5 (
25... Kb5 26. Qe7 b6 27. Qxg7 $11) 26. Qe6+ $11 Kb5 27. Qe8+ Kb4 28. Qg6 {
White threatens to win material: Qg6xg7} (28. Qe1+ Kb5 29. Qe8+ Kb4 30. Qe1+
Kb5 31. Qe8+ $11) 28... Rd7 (28... b5 29. Qxg7 c4 30. Rc1 $11) 29. Qg4+ $11 {
White forks: d7} Rd4 {Black threatens to win material: Rd4xg4. Here comes the
goal-getter} 30. Qxg7 b6 31. Qe7 Kb3 (31... Kb5 32. Qe8+ Ka6 33. g3 $11) 32.
Qe3+ (32. h4 c4 33. h5 Qc2 34. Qxa7 Rd1 35. Qxb6+ Ka2 36. Qa5+ Kb3 37. Qb5+ Ka2
38. Qa6+ Kb3 39. Qb5+ Ka2 40. Rxd1 Qxd1+ 41. Kh2 Qd6+ 42. f4 Qxf4+ 43. g3 Qd2+
44. Kg1 Qe3+ 45. Kg2 c3 $11) 32... Kb4 (32... Ka4 33. f4 Qd5 34. f5 $14) 33. f4
Rd2 (33... Qd5 34. Rb1+ Ka5 35. Qe2 $14) 34. Qe1 (34. Qe4+ $142 Rd4 35. Qe1+
Kb5 36. Qe8+ Ka6 37. f5 $18) 34... Kc4 $4 {ruins a clearly superior position} (
34... c4 $142 {is just about the only chance} 35. Qe4 Qb2 $11) 35. Qe4+ (35.
Qe6+ $142 {might be the shorter path} Rd5 36. Rd1 $18) 35... Kc3 $4 {the final
mistake, not that it matters anymore} (35... Kb5 36. f5 Rb2 $18) 36. f5 (36.
Rf3+ Kb2 37. Qe5+ Kb1 38. Qe1+ Kc2 39. Qxd2+ Kxd2 40. Rf2+ Ke3 41. Rxa2 Ke4 42.
Rxa7 Kd4 43. Rb7 Ke4 44. Rxb6 c4 45. f5 Kxf5 46. Kf2 c3 47. Rc6 Kg4 48. Ke3 Kf5
49. Rxc3 Kf6 50. Kf4 Ke6 51. Rd3 Kf6 52. g4 Ke6 53. g5 Ke7 54. Kf5 Kf7 55. g6+
Ke7 56. Rd5 Kf8 57. Kf6 Ke8 58. Rd3 Kf8 59. Rd8#) 36... Rd4 (36... Qd5 37. Qxd5
Rxd5 $18) 37. Rc1+ Kb4 38. Qb1+ (38. Rb1+ $142 {and White has reached his goal}
Ka5 39. Qe1+ Qd2 40. Ra1+ Kb5 41. Qxd2 Rxd2 $18) 38... Qb3 (38... Qxb1 39.
Rxb1+ Ka4 40. Ra1+ Kb3 $18) 39. f6 Qxb1 (39... Rd7 {the last chance for
counterplay} 40. Qe4+ c4 $18) 40. Rxb1+ Kc3 (40... Ka3 {a fruitless try to
alter the course of the game} 41. f7 Rd8 42. Rf1 $18) 41. f7 Rf4 42. Rf1 Rxf7
43. Rxf7 a5 (43... c4 {doesn't do any good} 44. h4 Kd3 45. h5 c3 46. Rc7 a6 47.
h6 c2 48. h7 Kd2 49. h8=Q c1=Q+ 50. Rxc1 Kxc1 51. g4 a5 52. g5 Kc2 53. g6 a4
54. g7 a3 55. g8=Q b5 56. Qd4 b4 57. Qa2+ Kc1 58. Qda1#) 44. Rf3+ (44. h4 a4
45. h5 a3 46. h6 a2 47. Rf1 a1=Q 48. Rxa1 Kb2 49. Rf1 Kc3 50. h7 Kd4 51. h8=Q+
Kc4 52. Rf4+ Kd5 53. Qd8+ Ke5 54. Qg5+ Kd6 55. Rf6+ Ke7 56. Qg7+ Kd8 57. Rf8#)
44... Kd4 45. h4 c4 (45... a4 {doesn't change anything anymore} 46. h5 a3 47.
Rxa3 b5 48. h6 Ke4 49. h7 b4 50. Ra1 c4 51. h8=Q b3 52. Rd1 b2 53. Qd4+ Kf5 54.
Qc5+ Kg6 55. Rd6+ Kg7 56. Qc7+ Kh8 57. Rd8#) 46. h5 (46. h5 c3 47. h6 c2 48.
Rf1 Kd3 49. h7 b5 50. h8=Q Kc4 51. Qh4+ Kc5 52. Rf5+ Kd6 53. Qd8+ Kc6 54. Qd5+
Kb6 55. Rf6+ Kc7 56. Rf7+ Kb8 57. Qb7#) 1-0

[Event "HokkaidoCh2018"]
[Site "?"]
[Date "2018.03.24"]
[Round "2.9"]
[White "KOYAHATA, Taku"]
[Black "WILLIAMS, Richard"]
[Result "1-0"]
[WhiteElo "1391"]
[BlackElo "1209"]
[Annotator "Fritz 15 (30s)"]
[PlyCount "79"]
[SourceDate "2018.03.25"]

{D35: Queen's Gambit Declined: Exchange Variation} 1. d4 Nf6 2. c4 e6 3. Nc3 d5
4. c5 (4. Qa4+ Bd7 5. Qb3 dxc4 6. Qxc4 Be7 7. Nf3 O-O 8. Bf4 Na6 9. Rd1 c5 10.
dxc5 Qa5 11. Nd4 Qxc5 12. Qxc5 Nxc5 13. Be5 Rfc8 14. Bxf6 Bxf6 15. Nd5 {
0-1 (15) Pantaleev,D (2285)-Lalev,D (2420) Belgrade 1991}) (4. Qb3 c5 5. dxc5
Nc6 6. Bg5 h6 7. Bxf6 Qxf6 8. e3 a5 9. a4 Qg6 10. Nge2 Bxc5 11. Nf4 Qg5 12. Bd3
b6 13. O-O-O Ba6 14. Kb1 Rc8 15. Nb5 Be7 {1/2-1/2 (15) Bhakti,K (2231)
-Narayanan,S (2414) Mumbai 2014}) 4... Nc6 $146 (4... b6 5. b4 a5 6. Ba3 axb4
7. Bxb4 bxc5 8. Bxc5 Bxc5 9. dxc5 Qe7 10. e3 Qxc5 11. Rc1 O-O 12. Ne4 Qa5+ 13.
Qd2 Nxe4 {0-1 (13) Petrov,P (2325)-Vasilev,N (2340) Teteven 1991}) 5. Nf3 h6 {
Consolidates g5} 6. e3 Be7 7. Be2 O-O 8. O-O b6 {Black threatens to win
material: b6xc5} 9. Bb5 {White threatens to win material: Bb5xc6} Bd7 10. Qa4
a5 $4 {gives the opponent counterplay} (10... Qe8 $142 $11 {would save the game
}) 11. Bxc6 $18 Bxc6 (11... bxc5 12. Ne5 Be8 13. Bd2 $18) 12. Qxc6 Qd7 $6 {
offers little resistance} (12... bxc5 13. dxc5 Nd7 14. Na4 $18) 13. Ne5 Qxc6 (
13... Qc8 {does not win a prize} 14. cxb6 cxb6 15. Qxb6 $18) 14. Nxc6 Rfe8 (
14... Bd8 {doesn't change anything anymore} 15. cxb6 cxb6 16. Nb5 $18) 15.
Nxe7+ (15. Nb5 {and White can already relax} Bd8 16. cxb6 cxb6 $18) 15... Rxe7
16. cxb6 cxb6 17. Bd2 Rc7 18. a4 Rb8 19. Rfb1 Rbc8 20. Ra3 (20. f3 {seems even
better} Ra8 $18) 20... Ne8 (20... Ra8 {cannot change what is in store for White
} 21. Kf1 $18) 21. b4 (21. Nb5 {makes it even easier for White} Rc4 $18) 21...
Nd6 22. Rab3 Nc4 23. Be1 Re7 (23... axb4 {does not save the day} 24. Nb5 Re7
25. Rxb4 $18) 24. bxa5 bxa5 25. Nd1 Rec7 26. Nb2 Nxb2 (26... g5 {cannot undo
what has already been done} 27. Nxc4 dxc4 28. Rc3 $18) 27. R3xb2 Rc1 (27... Kh7
{hardly improves anything} 28. Rb5 $18) 28. Rxc1 (28. Rb5 $142 {keeps an even
firmer grip} Rxb1 29. Rxb1 Kf8 $18) 28... Rxc1 29. Kf1 Kh7 (29... Ra1 $18 {
praying for a miracle}) 30. Rb5 g5 31. Rxa5 h5 (31... Kg6 {does not save the
day} 32. Ra7 $18) 32. e4 $1 {Deflection: d5} Kg6 (32... dxe4 33. Re5 {Decoy
Double attack} (33. Rxg5 {Deflection Pinning})) 33. exd5 Rc4 (33... exd5 {
is not the saving move} 34. Rxd5 Ra1 35. a5 $18) 34. dxe6 fxe6 35. Ra8 Rxd4 (
35... Kf5 $18 {desperation}) 36. a5 Ra4 37. a6 Ra2 38. a7 Kf5 39. Rf8+ Ke4 40.
a8=Q+ (40. a8=Q+ Rxa8 41. Rxa8 $18) 1-0

[Event "HokkaidoCh2018"]
[Site "?"]
[Date "2018.03.24"]
[Round "3.1"]
[White "SUGIMOTO, Koichi"]
[Black "DRAKAKIS, Athanasios"]
[Result "1/2-1/2"]
[WhiteElo "1960"]
[BlackElo "1827"]
[Annotator "Fritz 15 (30s)"]
[PlyCount "142"]
[SourceDate "2018.03.25"]

{D66: Queen's Gambit Declined: Classical: Main Line (7 Rc1 c6 8 Bd3)} 1. d4 d5
2. c4 e6 3. Nf3 Nf6 4. Bg5 Be7 5. Nc3 c6 6. e3 h6 7. Bh4 Nbd7 8. Rc1 O-O 9. Bd3
dxc4 10. Bxc4 Nd5 11. Bg3 N7f6 12. O-O Nxc3 (12... b6 13. Qe2 Nxc3 14. bxc3 Ne4
15. Be5 Bb7 16. Rfd1 Ba3 17. Rc2 Qe7 18. Nd2 Nf6 19. Bd3 Bd6 20. Nc4 Bb8 21. e4
c5 22. Bxb8 Raxb8 23. e5 Nd5 24. Nd6 Bc6 25. Bb5 Ba8 26. Qg4 h5 27. Qxh5 {
Torre,E (2505)-Garcia,G (2330) Valetta 1980 1-0 (72)}) (12... Bd6 13. Re1 Bxg3
14. hxg3 Nxc3 15. bxc3 b6 16. e4 Bb7 17. Qe2 c5 18. Bd3 cxd4 19. cxd4 Rc8 20.
Rcd1 Rc7 21. Qd2 Qd7 22. Qf4 Rfc8 23. d5 exd5 24. e5 Nh5 25. Qh4 g6 26. e6 Qe7
27. Qxe7 {Puth,D (2169)-Schnur,E (2195) Heimbach Weis 2014 1-0 (42)}) 13. bxc3
Ne4 $146 (13... c5 14. Ne5 Ne4 15. Bf4 cxd4 16. cxd4 Bg5 17. Bxg5 Qxg5 18. Bd3
Nd6 19. Rc7 Ne8 20. Rc3 Qe7 21. Qc2 Qd8 22. Rc1 Bd7 23. Qb3 Nd6 24. Qb4 Be8 25.
a4 f6 26. Nc4 Nxc4 27. Bxc4 Qd7 28. Bb5 {Gruenberg,H (2500)-Elseth,R (2330)
Novi Sad 1990 1-0 (31)}) 14. Be5 Kh8 15. Bd3 Ng5 16. Nxg5 Bxg5 17. Qh5 Bf6 18.
Bf4 (18. f4 $5 $16) 18... Qd5 $14 19. Qe2 e5 20. Bg3 e4 {Black threatens to
win material: e4xd3} 21. Bc4 {White threatens to win material: Bc4xd5} Qg5 22.
Rfe1 Bg4 23. f3 {White threatens to win material: f3xg4. White forks: e4+g4}
Bh5 24. Qf2 exf3 25. gxf3 Qf5 {Black threatens to win material: Qf5xf3} 26. Kg2
{White king safety dropped} Rae8 27. e4 {White threatens to win material: e4xf5
} Qg6 28. Kh1 {White king safety improved} Be7 29. Rb1 b6 30. f4 f5 {Black
threatens to win material: f5xe4} 31. e5 {White has a new protected passed
pawn: e5} Bg4 32. Bf1 Qe6 33. Bg2 Rd8 34. h3 {White threatens to win material:
h3xg4} Bh5 35. Kh2 Bf7 36. Rb2 Qc4 {Black threatens to win material: Qc4xc3}
37. Rc2 Qe6 (37... Be6 $5 $11) 38. c4 $14 g5 $2 (38... Qd7 39. Rd1 Bc5 $16) 39.
d5 $18 cxd5 40. cxd5 Rxd5 41. Bxd5 Qxd5 42. Qg2 (42. e6 Bg6 43. Rc7 $18) 42...
Bc5 $2 (42... Qxg2+ $142 $5 43. Kxg2 gxf4 44. Bxf4 Rg8+ 45. Kh2 Bd5 $16) 43.
Qxd5 $18 Bxd5 44. Rd1 {White threatens to win material: Rd1xd5} (44. Bf2 $5
Bxf2 45. Rxf2 $18) 44... Be4 {A classical outpost} (44... Bc6 45. Rcd2 Ba4 46.
Rb1 $16) 45. Rcd2 Be3 (45... Bf3 46. Rf1 Be3 47. Rd6 $16) 46. Rd8 Kg8 $2 (46...
Rxd8 47. Rxd8+ Kg7 48. Rd7+ Kg6 49. e6 gxf4 50. Bh4 $16) 47. Rxf8+ $4 {White
has let it slip away} (47. e6 Bc6 48. e7 $16) 47... Kxf8 $16 48. fxg5 (48. Rd7
$142 $5 Bc6 49. Rc7 $16) 48... hxg5 $11 49. h4 f4 {Black threatens to win
material: f4xg3} 50. Be1 g4 {White has a new passed pawn: h4} 51. Rd6 {White
can be proud of that piece} g3+ 52. Bxg3 fxg3+ 53. Kxg3 Ke7 54. h5 Bc5 {
Black threatens to win material: Bc5xd6} (54... b5 55. h6 $11) 55. Rf6 {
Praise the rook!} (55. Kf4 Bh7 56. Rc6 Kd7 $14) 55... Bb1 $11 56. h6 {Is this
a dangerous pawn?} a5 (56... Bd4 57. Kf4 Bg1 58. Kg5 $11) 57. a4 $14 {Black
has a new backward pawn: b6} Bd4 {Black threatens to win material: Bd4xe5} 58.
Kf4 Bc2 $4 (58... Bc5 $142 $14 {saving the game}) 59. Rc6 $18 Bb1 60. h7 (60.
Rc1 Bg6 61. Rc7+ Ke8 62. h7 Bxh7 63. Rxh7 Bc5 64. Kf5 b5 65. axb5 a4 66. Ke6
Kf8 67. Rh8+ Kg7 68. Ra8 a3 69. Kd5 Bb6 70. Rxa3 Bd8 71. Ra6 Kf8 72. Kd6 Kf7
73. b6 Bxb6 74. Rxb6 Kg6 75. Rb4 Kf5 76. e6 Kg6 77. Ra4 Kf5 78. e7 Kg6 79.
e8=Q+ Kg5 80. Rb4 Kf5 81. Qg8 Kf6 82. Rf4#) 60... Bxh7 61. Rc7+ Ke6 62. Rxh7
Bxe5+ 63. Ke4 Bd6 64. Rh6+ Kd7 65. Kd5 Bc5 66. Rh7+ Kc8 67. Kc6 Kb8 68. Kb5 Bd4
69. Kc6 Bc5 70. Rh8+ Ka7 71. Re8 Bf2 1/2-1/2